000 00552nam a2200169Ia 4500
999 _c22832
_d22832
003 OSt
005 20200625113445.0
008 190216s9999||||xx |||||||||||||| ||und||
040 _coclc
082 _a297.122
_bAZA/F
100 _a Azad, Maulana Abul Kalam
_91842
245 0 _aFathiha Sampoorna Vyakyanam :
_bQuaran Padanathin Oru Amugham /
_cMawlana Abul Kalam Azad
260 _bNavadara publishers,
_c2007.
_aEranamkulam:
300 _a200p
650 _aIslamic History
942 _cBK
_2ddc
_h297.122
_iAZA/F
_k297.122
_mAZA/F